| 000 | 00759nam0a22002531 4500 | ||
|---|---|---|---|
| 001 | rc\3590124 | ||
| 005 | 20250610075811.0 | ||
| 021 |
_aRU _b[73-74173] |
||
| 035 | _a(NLR Aleph) 007808227 | ||
| 090 |
_a7704944 _c7704944 |
||
| 100 | _a20130115d1973 |||y0rusy50 ca | ||
| 101 | 0 | _arus | |
| 102 | _aRU | ||
| 105 | _ay z ||||| | ||
| 200 | 1 | _aОхота и закон | |
| 210 |
_a[Барнаул] _cАлт. кн. изд-во _d1973 |
||
| 215 |
_a46 с. _d20 |
||
| 606 |
_aОхота и охотничий промысел _yРСФСР _xЗаконодательство _2psbo |
||
| 700 | 1 |
_aПопов _bР.И. _gРоберт Иванович |
|
| 801 | 0 |
_aRU _bNLR _gpsbo |
|
| 801 | 1 |
_aRU _bELAR _2rusmarc |
|
| 852 |
_aNLR _j73-4/30412 |
||
| 942 | _cBOOK | ||
| 980 | _aNB | ||